Bulla de N.SS.P. Pío VI de gloriosa memoria condenatoria del execrable synodo de pystoya

Detalles Bibliográficos
Formato: Libro
Publicado: Mallorca 1814
Materias:
Colección:Banco de datos
Acervo:Biblioteca del Ex Convento de Nuestra Señora de Guadalupe. Zacatecas
Tema general:Bularios
Notas:Buena. XI,10,17 (3814). Encuadernado en un mismo volumen con Palinodia de Febronio ...
LEADER 00732nam a22001810004500
035 |a 42927 
036 |a 4111 
245 1 0 |a Bulla de N.SS.P. Pío VI de gloriosa memoria condenatoria del execrable synodo de pystoya 
260 |a Mallorca  |b imp. Felipe de Guasp.  |c 1814 
500 |a Buena. XI,10,17 (3814). Encuadernado en un mismo volumen con Palinodia de Febronio ... 
650 1 0 |a Bularios 
949 |a CRZ-CG 
959 |a Ex convento de Nuestra Señora de Guadalupe, Museo Regional de Zacatecas, Zacatecas  |b CCC4 
960 |a Convento de Nuestra Señora de Guadalupe, Zacatecas  |b DD87 
961 |a Franciscana  |b OF 
942 |c CRZ-CG 
943 |g Biblioteca del Ex Convento de Nuestra Señora de Guadalupe. Zacatecas 
999 |c 967054  |d 967054